000 00490nam a2200181Ia 4500
005 20250627161731.0
008 008 250516s9999 xx 000 0 eng d
020 _a9798888365595
040 _beng
_cSDCL
041 _aeng
_2eng
084 _aS:7 R5
245 0 _aAdvances in psychological assessment
260 _aNew York :
_bLarsen & Keller,
_c2025.
300 _avii, 221p.
650 _aApplied Psychology
700 _aDeshields, Patricia Ed.
_9814864
942 _cTEXL
_2CC
999 _c1430592
_d1430592